Déguisements d'Halloween les plus populaires - Statistiques

Statistiques générales
  • Ce quiz a été pris 688 fois
  • Le résultat moyen est 3 sur 12
Statistiques - réponses
Rang Costume % Correct
1 Sorcier 🧙
84%
12 Vampire 🧛
75%
13 Citrouille 🎃
54%
11 Clown 🤡
38%
5 Fée 🧚‍♀️
20%
10 Harley Quinn 🃏
20%
2 Spider-man 🕸️
16%
6 Pirate 🏴‍☠️
15%
9 Cowboy 🤠
9%
7 Lapin 🐰
8%
3 Dinosaure 🦖
6%
8 Majorette 🤸‍♀️
3%
Aucun quiz correspondant
Distribution des résultats
% des personnes avec chaque résultat
Percentile par nombre de réponses
Votre historique - résultats
Vous n’avez pas pris ce quiz